00923 2200301 4500001002100000005001500021035002500036007000300061008004100064020002200105040001700127082001400144084001400158090002200172245010300194250002400297260003300321300003700354650001100391700004100402700003400443700002700477700003200504850001200536100002900548999002200577990002200599YOGYA00000000009885320220630023943 a0010-021400000000364ta140218s2012 yoia g ind d a978-602-8864-68-8 aYOPDYOGbind04222a158.1 a158.1 YOU aCB-D.11 2012-1713 aYoung on top campus ambassadors /cCitra Natasya...[et al]; penyunting, Billy Boen, Nurjanah Intan aCet.1 Oktober 20123 aYogyakarta :bB First,c2012 axxvi, 158 hlm. :bilus. ;c21 cm 4aSukses3 aSihombing, David Immanuelepengarang0 aMuhamad Iman Usmanepengarang0 aBilli Boenepenyunting0 aNurjannah Intanepenyunting aYOPDYOG0 aCitra Natasyaepengarang aCB-D.11/2012-1713 aCB-D.11/2012-1713